Gua̕ fc̀il de asociaciones manual de gestin̤ para la creacin̤, desarrollo y dinamizacin̤ de entidades no lucrativas /

Detalles Bibliográficos
Autor principal: Alberich Nistal, Toms̀
Formato: Desconocido
Lenguaje:español
Publicado: Madrid : Dykinson, S.L., 2006
Edición:4 ed
Materias:
Acceso en línea:Acceso restringido

MARC

LEADER 00000ny a22000003n 4500
005 20110609110029.0
008 060405s2006 sp 00 0 spa d
017 |a D.L.M12173-06 
020 |a 9788497728317 
035 |a 1391 
040 |a Mpons  |d vLex 
041 0 |a spa 
043 |a esp 
090 |c 594  |d 594 
100 1 |a Alberich Nistal, Toms̀ 
245 1 0 |a Gua̕ fc̀il de asociaciones  |h [Recurso electrn̤ico]  |b manual de gestin̤ para la creacin̤, desarrollo y dinamizacin̤ de entidades no lucrativas /  |c Toms̀ Alberich Nistal 
250 |a 4 ed 
256 |a Servicio en ln̕ea 
260 |a Madrid :  |b Dykinson, S.L.,  |c 2006 
300 |a 255 p. ;  |c 25 cm 
506 1 |a Contenido solo disponible en los productos indicados  |d vLex Global  |d vLex Global (Academic Edition, excluding Law Schools)  |d vLex Global (U.S. Academic Edition, Law Schools)  |d vLex Global (U.S. Academic Edition, excluding Law Schools)  |d vLex Global (Academic Edition, Law Schools) 
650 0 7 |a Libertad de asociacin̤  |2 Tesauro vLex 
650 0 7 |a Asociacin̤  |2 Tesauro vLex 
650 0 7 |a Civil  |2 Tesauro vLex 
650 0 7 |a Asociaciones  |2 Tesauro vLex 
740 0 |a vLex Libros (Servicios en ln̕ea) 
856 4 0 |u http://vlex.com/source/1391  |z Acceso restringido 
942 |c BOOK